00249nam a2200097 a 4500008004100000050001400041100001500055245006300070260000900133350000900142120416s1978 xx |||||||||||||| || u aS 591 Soi aMoss, R. P14aThe soil resources of tropical Africacedited by R.P. Moss c1978 a0.00